Pohřešovaná /
Detektivní román od americké autorky vypráví příběh podivného zmizení dvou mladých žen a dítěte. Ještě podivnější však je návrat jedné z nich po mnoha letech.
Uloženo v:
| Hlavní autor: | |
|---|---|
| Další autoři: | |
| Médium: | E-kniha |
| Jazyk: | Czech |
| Vydáno: |
Praha :
Dobrovský s.r.o.,
2025
|
| Edice: | Vendeta
|
| Témata: | |
| Tagy: |
Žádné tagy |
| LEADER | 02567nam a2200469 i 4500 | ||
|---|---|---|---|
| 001 | 312859 | ||
| 003 | CZ PrSKC | ||
| 005 | 20260601215730.0 | ||
| 007 | ta | ||
| 008 | 251029s2025 xr g 000 f cze | ||
| 015 | |a cnb003716999 | ||
| 020 | |a 9788027743155 |q (brožováno) : |c Kč 399,00 | ||
| 035 | |a (OCoLC)1578134178 | ||
| 040 | |a ABG001 |b cze |d BOA001 |d OLA001 |e rda | ||
| 041 | 1 | |a cze |h eng | |
| 072 | 7 | |a 821.111(73)-3 |x Americká próza |2 Konspekt | |
| 080 | |a 821.111(73)-31 |2 MRF | ||
| 080 | |a (0:82-312.4) |2 MRF | ||
| 100 | 1 | |a Kubica, Mary |7 xx0196610 |4 aut | |
| 240 | 1 | 0 | |a Local woman missing. |l Česky |
| 245 | 1 | 0 | |a Pohřešovaná / |c Mary Kubica ; přeložil Jan Kozák |
| 264 | 1 | |a Praha : |b Dobrovský s.r.o., |c 2025 | |
| 300 | |a 346 stran ; |c 20 cm | ||
| 336 | |a text |b txt |2 rdacontent | ||
| 337 | |a bez média |b n |2 rdamedia | ||
| 338 | |a svazek |b nc |2 rdacarrier | ||
| 490 | 1 | |a Vendeta | |
| 500 | |a Přeloženo z angličtiny | ||
| 520 | 2 | |a Detektivní román od americké autorky vypráví příběh podivného zmizení dvou mladých žen a dítěte. Ještě podivnější však je návrat jedné z nich po mnoha letech. |b První pohřešovanou je Shelby Tebowová. Nedlouho poté zmizí Meredith Dickeyová a její šestiletá dcera Delilah jen několik bloků od místa, kde byla Shelby naposledy spatřena. Dosud poklidnou komunitu přemůže strach. Souvisí spolu tyto události? Po bezvýsledném pátrání, které přináší více otázek než odpovědí, případ nakonec nedojde rozuzlení. Nyní, o jedenáct let později, se Delilah šokujícím způsobem vrací. Všichni chtějí vědět, co se jí stalo, ale nikdo není připraven na to, co vyjde najevo. Nakladatelská anotace. Kráceno. | |
| 655 | 7 | |a americké romány |7 fd131796 |2 czenas | |
| 655 | 7 | |a detektivní romány |7 fd132010 |2 czenas | |
| 655 | 7 | |a thrillery (romány) |7 fd184206 |2 czenas | |
| 655 | 9 | |a American fiction |2 eczenas | |
| 655 | 9 | |a detective novels |2 eczenas | |
| 655 | 9 | |a thrillers (novels) |2 eczenas | |
| 700 | 1 | |a Kozák, Jan, |d 1970- |7 mzk2003187830 |4 trl | |
| 830 | 0 | |a Vendeta | |
| 900 | |a ABA001 |b 20 | ||
| 044 | |a xr | ||
| 910 | |a RBIT002 | ||
| 998 | |d 423403 |a https://core.palmknihy.cz/api/books/423403/cover?t4y3tq |b https://core.palmknihy.cz/api/books/423403/cover/400?t4y3tq |c https://core.palmknihy.cz/api/books/423403/cover/50?t4y3tq |e 2030-01-26 |g 352 |i 9788027743155 |j https://core.palmknihy.cz/api/books/423403/preview.epub |k https://core.palmknihy.cz/api/books/423403/preview.pdf |l |q 49 |r 1 |s https://www.palmknihy.cz/kniha/423403 |t ebook |y 2025 |z 0 | ||
| 999 | |d 312857 | ||